[Event "# 27"]
[Site "http://www.queenalice.com/game.php?id=269018"]
[Date "2007.9.9"]
[Round "-"]
[White "keshlie"]
[Black "ainsworth"]
[Result "0-1"]
[WhiteElo "1569"]
[BlackElo "2190"]

1. Nf3 c5 2. d3 Nc6 3. g3 g6 4. Bg2 Bg7 5. O-O Nf6 6. e4 O-O 7. Nh4 d5 8. f4
dxe4 9. dxe4 Qd4+ 10. Kh1 Ng4 11. Qe2 Rd8 12. Nf3 Qa4 13. e5 Be6 14. b3 Nd4 15.
Nxd4 Qxd4 16. c3 Qd7 17. h3 Nxe5 18. fxe5 Bxh3 19. Bb2 Bxg2+ 20. Kxg2 Qd5+ 21.
Qf3 Bxe5 22. Na3 Qxf3+ 23. Rxf3 Rd2+ 24. Rf2 Rxb2 25. Rxb2 Bxc3 26. Rab1 Bxb2
27. Rxb2 Rd8 28. Nc4 f5 29. Re2 Kf7 30. Kf3 h5 31. Kf4 Kf6 32. Ne3 e5+ 0-1

[Event "# 28"]
[Site "http://www.queenalice.com/game.php?id=269019"]
[Date "2007.9.9"]
[Round "-"]
[White "littleboo"]
[Black "keshlie"]
[Result "1-0"]
[WhiteElo "2034"]
[BlackElo "1740"]

1. e4 g6 2. Nf3 Bg7 3. Nc3 d6 4. d4 Bg4 5. Be3 Nc6 6. Bb5 a6 7. Bxc6+ bxc6 8.
O-O Rb8 9. Rb1 Nf6 10. Qe2 O-O 11. h3 Bc8 12. Rfe1 Nd7 13. Red1 e6 14. e5 Nb6
15. Ne4 Nd5 16. Bg5 f6 17. exf6 Nxf6 18. Ne5 Qe8 19. Bxf6 Bxf6 20. Nxf6+ Rxf6
21. Nd3 Qf7 22. c4 a5 23. b3 Bd7 24. Re1 Rf8 25. b4 axb4 26. Rxb4 Bc8 27. Rb8
Ba6 28. Rb4 d5 29. Qe3 Bxc4 30. Ne5 Qe7 31. Rb2 Bb5 32. Qc3 Rf4 33. Rc1 R8f5 34.
g3 Re4 35. Nxc6 Qf8 36. Rxb5 Rxf2 37. Rb8 1-0

[Event "# 9"]
[Site "http://www.queenalice.com/game.php?id=269020"]
[Date "2007.9.9"]
[Round "-"]
[White "keshlie"]
[Black "Philidor"]
[Result "1-0"]
[WhiteElo "1700"]
[BlackElo "1948"]

1. Nf3 d6 2. g3 c5 3. Bg2 Nf6 4. O-O Nc6 5. d3 e6 6. Nbd2 Be7 7. e4 O-O 8. c3
Re8 9. Ne1 a6 10. f4 e5 11. Nef3 exf4 12. gxf4 Bg4 13. Qe1 Qd7 14. Nc4 Rad8 15.
Ne3 Nh5 16. Nd5 Bh3 17. f5 Bxg2 18. Kxg2 Nf6 19. Nxe7+ Qxe7 20. Qg3 c4 21. Bh6
Nh5 22. Qg4 1-0

[Event "# 19"]
[Site "http://www.queenalice.com/game.php?id=269022"]
[Date "2007.9.9"]
[Round "-"]
[White "keshlie"]
[Black "Homedepotov"]
[Result "1-0"]
[WhiteElo "1629"]
[BlackElo "1874"]

1. Nf3 Nc6 2. d3 e5 3. Nbd2 Nf6 4. e4 d5 5. g3 Bc5 6. Bg2 d4 7. Nc4 Qe7 8. a4
O-O 9. Nh4 Be6 10. Nf5 Bxf5 11. exf5 e4 12. dxe4 Nxe4 13. O-O Nd6 14. Nxd6 Qxd6
15. Bf4 Qf6 16. Bxc7 Qxf5 17. Bf4 g5 18. Bc1 Rad8 19. Qe2 Rfe8 20. Qc4 Na5 21.
Qb5 b6 22. Qd3 Qxd3 23. cxd3 Nb3 24. Bxg5 Nxa1 25. Bxd8 Rxd8 26. Rxa1 Re8 27.
Be4 Kg7 28. f4 h6 29. Kf2 a5 30. g4 f6 31. h4 Rc8 32. Re1 Re8 33. g5 hxg5 34.
fxg5 fxg5 35. hxg5 Rf8+ 36. Kg3 Bd6+ 37. Kg2 Rf4 38. g6 Rg4+ 39. Kf3 Rg3+ 40.
Kf2 Rg5 41. Rh1 Bg3+ 42. Kf3 Kg8 43. Rc1 Bd6 44. Rc6 Bc5 45. Rc7 Rg1 46. Rh7 Rg5
47. Kf4 Rg1 48. Bd5+ Kf8 49. Rf7+ Ke8 50. Bc6+ Kd8 51. g7 Rf1+ 52. Ke5 1-0

[Event "# 21"]
[Site "http://www.queenalice.com/game.php?id=269023"]
[Date "2007.9.9"]
[Round "-"]
[White "keshlie"]
[Black "gogi05"]
[Result "1/2-1/2"]
[WhiteElo "1588"]
[BlackElo "1909"]

1. Nf3 c6 2. g3 d6 3. Bg2 Nf6 4. O-O Na6 5. d3 g6 6. e4 Bg4 7. h3 Bxf3 8. Qxf3
Bg7 9. c3 O-O 10. Bf4 Nd7 11. Nd2 Nac5 12. d4 Ne6 13. Be3 Nb6 14. Qe2 Nc7 15. f4
e6 16. e5 d5 17. g4 Qd7 18. b3 Nc8 19. h4 Ne7 20. Bh3 Nb5 21. Qd3 Nc7 22. f5
exf5 23. gxf5 gxf5 24. Bxf5 Nxf5 25. Rxf5 Ne6 26. Rh5 h6 27. Bxh6 Nf4 28. Qf3
Nxh5 29. Qxh5 Bxh6 30. Qxh6 Qg4+ 31. Kf2 Qf5+ 32. Nf3 Qc2+ 33. Ke3 Qxc3+ 34. Kf4
Qxa1 35. Qg5+ Kh7 36. Qf5+ Kg8 37. Qg4+ Kh8 38. Qh5+ Kg7 39. Qg5+ Kh7 40. Qf5+
Kh8 41. Qf6+ Kg8 42. Qg5+ Kh7 1/2-1/2

[Event "# 41"]
[Site "http://www.queenalice.com/game.php?id=269028"]
[Date "2007.9.9"]
[Round "-"]
[White "keshlie"]
[Black "Stegyre"]
[Result "1-0"]
[WhiteElo "1500"]
[BlackElo "1841"]

1. Nf3 c5 2. g3 Nc6 3. d3 e6 4. Bg2 Nf6 5. Nbd2 Be7 6. O-O b6 7. e4 Qc7 8. c3
Ne5 9. Nxe5 Qxe5 10. f4 Qc7 11. e5 Nd5 12. Qe2 Rb8 13. a3 b5 14. f5 Bb7 15. c4
bxc4 16. dxc4 Nb6 17. Bxb7 Rxb7 18. f6 gxf6 19. exf6 Bd6 20. Ne4 Be5 21. Bf4
Bd4+ 22. Kh1 Qc6 23. Rae1 Bxf6 24. h3 Na4 25. Kh2 Rxb2 26. Nxf6+ Kd8 27. Bd2 Qd6
28. Ne4 Qf8 29. Rf2 Rb3 30. Nf6 Rxa3 31. Bg5 Kc8 32. Qd2 Nb6 33. Rb1 d6 34. Rf4
Qg7 35. Bh4 Kc7 36. Qf2 Qg6 37. Rf1 Kc6 38. Qg2+ Kc7 39. Qb2 Ra4 40. Nd5+ Nxd5
41. Rxf7+ 1-0

[Event "# 42"]
[Site "http://www.queenalice.com/game.php?id=269093"]
[Date "2007.9.9"]
[Round "-"]
[White "keshlie"]
[Black "Gil"]
[Result "0-1"]
[WhiteElo "1500"]
[BlackElo "2108"]

1. Nf3 d5 2. d3 c5 3. g3 Nc6 4. Nbd2 e6 5. Bg2 Nf6 6. O-O Be7 7. e4 O-O 8. c3
Qb6 9. Qc2 Bd7 10. e5 Ng4 11. Re1 Qc7 12. d4 cxd4 13. cxd4 Qb6 14. Nb3 Rfc8 15.
Qd1 Nb4 16. Re2 a5 17. h3 Ba4 18. hxg4 Nxa2 19. Rxa2 Bxb3 20. Qe1 Bxa2 21. Be3
Bc4 22. Rd2 Bb4 0-1

[Event "# 44"]
[Site "http://www.queenalice.com/game.php?id=269244"]
[Date "2007.9.9"]
[Round "-"]
[White "gogi05"]
[Black "keshlie"]
[Result "1/2-1/2"]
[WhiteElo "1899"]
[BlackElo "1692"]

1. e4 g6 2. Nf3 Bg7 3. c3 c6 4. Be2 d5 5. e5 Bg4 6. d4 f6 7. Bf4 Nh6 8. h3 Bxf3
9. Bxf3 Nf7 10. exf6 exf6 11. O-O O-O 12. Qb3 Qb6 13. Qc2 Nd7 14. Nd2 f5 15. Nb3
Rfe8 16. Rfe1 Nf6 17. Nc5 Ne4 18. Rab1 Nxc5 19. dxc5 Qxc5 20. Qb3 b6 21. Rbd1
Nd6 22. Bxd6 Qxd6 23. Qa4 Rxe1+ 24. Rxe1 a5 25. Qb3 b5 26. a4 Rb8 27. g3 Kf8 28.
axb5 Rxb5 29. Qc2 Qb8 30. Re2 a4 31. Qxa4 Rxb2 32. Rxb2 Qxb2 33. Qxc6 Bxc3 34.
Bxd5 Bd4 35. Qd6+ Kg7 36. Qc7+ Kh6 37. Qf4+ Kg7 38. h4 Be5 39. Qf3 Qd4 40. Ba8
Kh6 41. Kg2 Qc3 42. Qe2 Qb2 43. Qxb2 Bxb2 44. Bd5 Kg7 45. Kf3 Kf6 46. Bg8 h6 47.
Bb3 Ke5 48. Bf7 g5 49. hxg5 hxg5 50. Ke2 f4 51. gxf4+ Kxf4 52. f3 Bh8 1/2-1/2

[Event "#46"]
[Site "http://www.queenalice.com/game.php?id=269598"]
[Date "2007.9.10"]
[Round "-"]
[White "polaris"]
[Black "keshlie"]
[Result "1-0"]
[WhiteElo "2216"]
[BlackElo "1571"]

1. e4 g6 2. d4 Bg7 3. f4 c6 4. Nf3 d5 5. e5 Bg4 6. Be2 h5 7. h3 Bxf3 8. Bxf3 e6
9. O-O h4 10. c4 dxc4 11. Na3 Nh6 12. Nxc4 Nf5 13. Bg4 Qxd4+ 14. Qxd4 Nxd4 15.
Nd6+ Ke7 16. Nxb7 Na6 17. b3 Nb5 18. Na5 Rac8 19. Be3 Nb4 20. a4 Nc3 21. Bc5+
1-0

[Event "# 45"]
[Site "http://www.queenalice.com/game.php?id=271064"]
[Date "2007.9.13"]
[Round "-"]
[White "keshlie"]
[Black "Dean20"]
[Result "1-0"]
[WhiteElo "1726"]
[BlackElo "1687"]

1. Nf3 Nf6 2. d3 g6 3. Nbd2 Bg7 4. e4 d6 5. g3 Nc6 6. Bg2 O-O 7. O-O e5 8. c3
Re8 9. b4 a6 10. Qb3 Be6 11. c4 b5 12. Bb2 Rb8 13. a3 Nd7 14. Ng5 Qxg5 15. f4
Qe7 16. f5 gxf5 17. exf5 bxc4 18. dxc4 Qg5 19. fxe6 Rxe6 20. Ne4 Qe7 21. Qd3 Nf6
22. Nxf6+ Rxf6 23. Bxc6 a5 24. Rxf6 Bxf6 25. b5 e4 26. Bxf6 Qxf6 27. Rf1 Qe5 28.
Qxe4 Qc5+ 29. Kh1 Qg5 30. Qf5 Qg7 31. Bd5 Rf8 32. Qf6 h6 33. Qxg7+ Kxg7 34. Kg2
a4 35. Re1 Kf6 36. Rb1 Ke7 37. Rb4 f6 38. Rxa4 h5 39. Ra8 f5 40. Rxf8 Kxf8 41.
a4 Ke7 42. a5 Kd7 43. a6 1-0

[Event "# 11"]
[Site "http://www.queenalice.com/game.php?id=271178"]
[Date "2007.9.13"]
[Round "-"]
[White "keshlie"]
[Black "crubiov"]
[Result "0-1"]
[WhiteElo "1553"]
[BlackElo "2273"]

1. Nf3 d5 2. d3 Nf6 3. Nbd2 Nc6 4. e4 e5 5. g3 dxe4 6. dxe4 Bc5 7. Bg2 O-O 8.
O-O a5 9. b3 a4 10. Bb2 a3 11. Bxe5 Nxe5 12. Nxe5 Bd4 0-1

[Event "# 47"]
[Site "http://www.queenalice.com/game.php?id=271180"]
[Date "2007.9.13"]
[Round "-"]
[White "keshlie"]
[Black "Dean20"]
[Result "1-0"]
[WhiteElo "1551"]
[BlackElo "1643"]

1. Nf3 Nf6 2. g3 b6 3. Bg2 Bb7 4. d3 c5 5. Nbd2 Nc6 6. O-O d5 7. e4 e5 8. Re1
Be7 9. exd5 Qxd5 10. Nxe5 Qd6 11. Nxc6 Bxc6 12. Bxc6+ Qxc6 13. Qf3 Qc8 14. Nc4
Kd7 15. Ne5+ Ke6 16. Ng6+ Kd6 17. Nxe7 Qd7 18. Bf4# 1-0

[Event "# 48"]
[Site "http://www.queenalice.com/game.php?id=271186"]
[Date "2007.9.13"]
[Round "-"]
[White "Homedepotov"]
[Black "keshlie"]
[Result "0-1"]
[WhiteElo "1898"]
[BlackElo "1563"]

1. Nf3 g6 2. g4 d6 3. g5 Bg7 4. h4 Bg4 5. Bg2 c6 6. Nh2 Bh5 7. O-O e5 8. f4 Qb6+
9. Kh1 Ne7 10. Nc3 Nf5 11. Qe1 exf4 12. Rxf4 Be5 13. Re4 O-O 14. Nf1 Nd7 15. Ra4
Qc7 16. e3 d5 17. d4 Bg7 18. Ne2 Bxe2 19. Qxe2 Nxh4 20. Qg4 Nf5 21. Bd2 Nb6 22.
Rb4 Nc4 23. Rb3 Rfe8 24. Bc1 Re7 25. Rd3 Rae8 26. Qh3 Re6 27. b3 Ncd6 28. Bd2
Ne4 29. Bxe4 Rxe4 30. c3 Rh4 0-1

[Event "# 50"]
[Site "http://www.queenalice.com/game.php?id=271187"]
[Date "2007.9.13"]
[Round "-"]
[White "Stegyre"]
[Black "keshlie"]
[Result "0-1"]
[WhiteElo "1811"]
[BlackElo "1530"]

1. e4 g6 2. d4 Bg7 3. Nf3 c6 4. Be2 d5 5. e5 f6 6. exf6 exf6 7. O-O Nh6 8. Nbd2
O-O 9. Nb3 b6 10. Be3 Nf5 11. Bd2 Ba6 12. Re1 Bxe2 13. Rxe2 Nd6 14. Qc1 Nd7 15.
Bh6 Ne4 16. Bxg7 Kxg7 17. c3 Qc7 18. Qc2 Rae8 19. Nbd2 f5 20. Rae1 h6 21. Nxe4
fxe4 22. Nd2 Nf6 23. Re3 Ng4 24. Rg3 Nxf2 25. Nf3 Nd3 26. Re3 Re7 27. Nh4 g5 28.
Rxd3 exd3 29. Qxd3 Re1+ 0-1

[Event "# 32"]
[Site "http://www.queenalice.com/game.php?id=271475"]
[Date "2007.9.14"]
[Round "-"]
[White "keshlie"]
[Black "tewald"]
[Result "0-1"]
[WhiteElo "1500"]
[BlackElo "1888"]

1. Nf3 Nf6 2. g3 g6 3. Bg2 Bg7 4. O-O O-O 5. d3 d6 6. e4 e5 7. Nbd2 b6 8. Nh4
Bb7 9. Qe1 Nc6 10. f4 Nh5 11. f5 g5 12. Nhf3 g4 13. Nh4 Bf6 14. h3 Nd4 15. Qd1
Nxg3 0-1

[Event "# 52"]
[Site "http://www.queenalice.com/game.php?id=271485"]
[Date "2007.9.14"]
[Round "-"]
[White "Tenna"]
[Black "keshlie"]
[Result "0-1"]
[WhiteElo "1729"]
[BlackElo "1655"]

1. e4 g6 2. d4 Bg7 3. c4 c6 4. Nc3 d6 5. Be3 Nd7 6. Qd2 e5 7. Nf3 Ngf6 8. h3 O-O
9. O-O-O Qc7 10. Be2 Ne8 11. h4 f5 12. exf5 gxf5 13. Bh6 e4 0-1

[Event "# 56"]
[Site "http://www.queenalice.com/game.php?id=271755"]
[Date "2007.9.14"]
[Round "-"]
[White "tewald"]
[Black "keshlie"]
[Result "0-1"]
[WhiteElo "1783"]
[BlackElo "1674"]

1. e4 g6 2. f4 Bg7 3. d3 d6 4. g3 c6 5. c3 e5 6. Bg2 Nf6 7. Nf3 Nbd7 8. O-O O-O
9. fxe5 dxe5 10. Kh1 Nc5 11. Nxe5 Nfxe4 12. Nxf7 Nxg3+ 13. hxg3 Rxf7 14. d4 Ne6
15. Nd2 Qf8 16. Ne4 Rxf1+ 17. Bxf1 Nc7 18. b3 Nd5 19. Bb2 Bf5 20. Ng5 Re8 21.
Kh2 Ne3 22. Bc4+ Nxc4 23. bxc4 Qe7 24. Nf3 Bg4 25. Qd3 Bxf3 26. Qxf3 Qe2+ 27.
Qg2 Qxg2+ 28. Kxg2 Re2+ 29. Kh3 Rxb2 30. a4 Rb3 31. Rc1 Ra3 32. Kg4 Rxa4 33. c5
Kf7 34. Rb1 Ra3 35. Rxb7+ Kf6 36. c4 Ra4 37. Kh3 Rxc4 38. Rxa7 Rxd4 39. Rc7 h5
40. Rxc6+ Kg5 41. Rc8 Rc4 42. c6 Be5 43. Kg2 Rc3 0-1

[Event "# 55"]
[Site "http://www.queenalice.com/game.php?id=271881"]
[Date "2007.9.14"]
[Round "-"]
[White "keshlie"]
[Black "Gil"]
[Result "0-1"]
[WhiteElo "1601"]
[BlackElo "2119"]

1. Nf3 g6 2. d3 Bg7 3. Nbd2 Nf6 4. g3 O-O 5. Bg2 d5 6. O-O e6 7. e4 dxe4 8. dxe4
Nc6 9. c3 e5 10. Qe2 Re8 11. Nc4 Bg4 12. h3 Bxf3 13. Bxf3 Qd7 14. Rd1 Qxh3 15.
Bg5 Qe6 16. Ne3 Ne7 17. Kg2 Rad8 18. Rxd8 Rxd8 19. Rd1 Rxd1 20. Qxd1 Qc8 21. Ng4
Nxg4 22. Bxg4 Qe8 23. Qd7 Qxd7 24. Bxd7 Kf8 25. Bxe7+ Kxe7 26. Bc8 b6 27. Kf3
Kd8 28. Ba6 Ke7 29. Kg4 Bh6 30. f4 Bg7 31. f5 Bh6 32. fxg6 fxg6 33. Bc4 Bc1 34.
Bg8 Bxb2 35. Bxh7 Kf7 36. Kg5 Bc1+ 37. Kg4 Kg7 0-1

[Event "# 43"]
[Site "http://www.queenalice.com/game.php?id=272259"]
[Date "2007.9.15"]
[Round "-"]
[White "keshlie"]
[Black "ainsworth"]
[Result "0-1"]
[WhiteElo "1567"]
[BlackElo "2191"]

1. Nf3 Nf6 2. d3 g6 3. g3 Bg7 4. Bg2 O-O 5. Nbd2 c5 6. O-O Nc6 7. e4 d6 8. c3
Qc7 9. Nh4 b5 10. f4 a5 11. Nhf3 b4 12. e5 Nd5 13. Nc4 bxc3 14. bxc3 Nxc3 15.
Qb3 Ne2+ 16. Kh1 Rb8 17. Qc2 Ned4 18. Qf2 Bf5 19. Rd1 Nb4 20. Ne1 Bg4 21. Rd2
dxe5 0-1

[Event "37"]
[Site "http://www.queenalice.com/game.php?id=292344"]
[Date "2007.10.24"]
[Round "-"]
[White "keshlie"]
[Black "Gil"]
[Result "0-1"]
[WhiteElo "1779"]
[BlackElo "2175"]

1. Nf3 d5 2. d3 Nc6 3. Nbd2 e5 4. g3 Nf6 5. e4 Bc5 6. Bg2 O-O 7. O-O dxe4 8.
dxe4 Qe7 9. c3 a5 10. Qc2 Be6 11. b3 Rfd8 12. Bb2 h6 13. Nc4 Bxc4 14. bxc4 Qe6
15. Nh4 Qxc4 16. a3 Nd4 0-1

[Event "Challenge"]
[Site "http://www.queenalice.com/game.php?id=292345"]
[Date "2007.10.24"]
[Round "-"]
[White "gogi05"]
[Black "keshlie"]
[Result "1-0"]
[WhiteElo "1886"]
[BlackElo "1808"]

1. e4 g6 2. Nf3 Bg7 3. Be2 c6 4. O-O d5 5. e5 Bg4 6. d4 f6 7. exf6 exf6 8. h3
Bxf3 9. Bxf3 Nh6 10. c3 O-O 11. Nd2 Nf5 12. Nb3 Nd7 13. Bg4 Nd6 14. Re1 Re8 15.
Bf4 Ne4 16. Bxd7 Qxd7 17. f3 Nd6 18. Nc5 Qc7 19. Qc2 Bf8 20. Ne6 Qd7 21. Nxf8
Rxf8 22. Bxd6 Qxd6 23. Re2 Rae8 24. Rae1 Kf7 25. b4 Qg3 26. a4 Qxe1+ 27. Rxe1
Rxe1+ 28. Kf2 Rfe8 29. Qd3 R1e2+ 30. Qxe2 Rxe2+ 31. Kxe2 Ke6 32. Ke3 Kf5 33. h4
h5 34. a5 g5 35. g3 a6 36. Ke2 gxh4 37. gxh4 Kf4 38. Kf2 f5 39. Ke2 Kg3 40. Ke3
Kxh4 41. Kf4 Kh3 42. Kxf5 Kg3 43. f4 h4 44. Ke5 h3 45. f5 h2 46. f6 h1=Q 47. f7
Qh8+ 48. Ke6 Qf8 49. Kf6 Kf3 50. Ke6 Ke3 51. Kf6 Kd3 52. Ke6 Kxc3 53. Kf6 Kxd4
54. Ke6 Ke4 55. Kf6 d4 56. Ke6 d3 57. Kf6 Kd5 58. Kg6 Ke5 59. b5 cxb5 60. Kg5
1-0

[Event "39"]
[Site "http://www.queenalice.com/game.php?id=292346"]
[Date "2007.10.24"]
[Round "-"]
[White "keshlie"]
[Black "polaris"]
[Result "0-1"]
[WhiteElo "1775"]
[BlackElo "2229"]

1. Nf3 f5 2. d3 Nf6 3. g3 b6 4. Bg2 Bb7 5. O-O g6 6. Nbd2 Bg7 7. Re1 O-O 8. e4
fxe4 9. dxe4 Nc6 10. c3 Ng4 11. h3 Nge5 12. Nxe5 Nxe5 13. Qe2 Nf7 14. f4 d6 15.
Nf3 Qd7 16. e5 Nh6 17. e6 Qa4 18. Be3 Nf5 19. Bf2 Rab8 20. Red1 h5 21. Nd4 h4
22. Bxb7 hxg3 23. Be3 Rxb7 24. Qg2 Nxe3 0-1

[Event "49"]
[Site "http://www.queenalice.com/game.php?id=292347"]
[Date "2007.10.24"]
[Round "-"]
[White "keshlie"]
[Black "crubiov"]
[Result "0-1"]
[WhiteElo "1777"]
[BlackElo "2289"]

1. Nf3 d5 2. d3 Nf6 3. Nbd2 Nbd7 4. e4 e5 5. g3 c6 6. Bg2 Bd6 7. O-O O-O 8. Nh4
Nc5 9. Nf5 Bxf5 10. exf5 Re8 11. Re1 h6 12. Nf3 e4 13. dxe4 Ncxe4 14. Nd2 Nxf2
15. Kxf2 Qb6+ 16. Kf1 Rxe1+ 17. Qxe1 Re8 18. Qd1 Qd4 19. c3 Qd3+ 20. Kg1 Ng4 21.
Qxg4 Bc5+ 0-1

[Event "50"]
[Site "http://www.queenalice.com/game.php?id=296663"]
[Date "2007.11.2"]
[Round "-"]
[White "charles31"]
[Black "keshlie"]
[Result "0-1"]
[WhiteElo "1780"]
[BlackElo "1792"]

1. e4 g6 2. d4 Bg7 3. e5 c5 4. c3 cxd4 5. cxd4 Nc6 6. Be3 d6 7. exd6 Qxd6 8. Nc3
Nxd4 9. Nf3 Nxf3+ 10. gxf3 Qxd1+ 11. Rxd1 Bd7 12. Bb5 Bc6 13. O-O Nf6 14. Bxc6+
bxc6 15. Rfe1 O-O 16. Ne4 Nd5 17. Bc5 Bxb2 18. Ng3 Rfe8 19. Bd4 Bxd4 20. Rxd4 e6
21. Rc4 Rec8 22. Ne4 Kf8 23. Rec1 Ne7 24. Kg2 Rab8 25. R1c2 Rb6 26. Nf6 Kg7 27.
Nd7 Rc7 28. Ne5 f6 29. Nd3 Kf7 30. Kg3 Nd5 31. a4 Ke7 32. f4 Rb3 33. f3 Rxd3 34.
h4 Nb6 35. Re4 c5 36. Rce2 Rc6 37. h5 c4 38. Ra2 c3 39. a5 Nd5 40. Ra3 Rd2 41.
Ra1 c2 42. Ree1 Nb4 43. Rf1 Nd3 44. Rg1 Nb2 45. hxg6 hxg6 46. Rh1 Rd1 47. Raxd1
Nxd1 48. Rh7+ Kd6 49. Rh6 c1=Q 50. Rxg6 Ne3 51. Rxf6 Qg1+ 52. Kh4 Rc2 53. Kh5
Rh2# 0-1

[Event "51"]
[Site "http://www.queenalice.com/game.php?id=296666"]
[Date "2007.11.2"]
[Round "-"]
[White "keshlie"]
[Black "charles31"]
[Result "1-0"]
[WhiteElo "1773"]
[BlackElo "1836"]

1. Nf3 d5 2. d3 Nc6 3. Nbd2 Nf6 4. e4 d4 5. g3 e5 6. Nc4 h6 7. Nfxe5 Nxe5 8.
Nxe5 Bd6 9. Nf3 Bg4 10. h3 Bh5 11. g4 Bg6 12. Nxd4 Qe7 13. Nf5 Bxf5 14. gxf5
O-O-O 15. Bg2 Bb4+ 16. Bd2 Rd7 17. O-O Bc5 18. Be3 g5 19. fxg6 Bxe3 20. fxe3
fxg6 21. Qf3 Rd6 22. e5 Qxe5 23. Qxb7+ Kd7 24. e4 Qd4+ 25. Kh1 Re8 26. Rae1 Nh5
27. Rf7+ Re7 28. Rxe7+ Kxe7 29. Qxc7+ Rd7 30. Qc3 Qf2 31. b3 Kf7 32. e5 Nf4 33.
e6+ Nxe6 34. Rf1 Qxf1+ 35. Bxf1 h5 36. Qd2 h4 37. c3 g5 38. d4 Nf4 39. c4 Kf6
40. d5 Rd6 41. Bg2 Rd8 42. c5 Nxg2 43. Kxg2 a6 44. b4 Kf5 45. d6 Rd7 46. Qd5+
Kf6 47. c6 1-0